000 00885nam a2200325 a 4500
003 AR-BaBNM
005 20251128204355.0
008 082120s2002 ||||||||||||||000 | spa||
020 _a950-07-0717-9
040 _cAR-BaBNM
100 1 _aFilippi, Sandra
245 0 0 _aEstrafalario
_buna historia de amor
260 _aBuenos Aires
_bSudamericana
_c1992
300 _a45 p.
_bil., láms.
490 0 _aPan flauta
_vv. 17
500 _aContiene cartas de la autora y la ilustradora a los lectores
500 _aCatálogo de la colección
650 4 _aCUENTOS
650 4 _aLITERATURA INFANTIL
650 4 _aLIBROS PARA NIÑOS
650 4 _aCULTURA
650 4 _aHUMANIDADES
650 4 _aPUBLICACIONES EDUCACIONALES
651 4 _aArgentina
655 _aLITERATURA
700 1 _aLegnazzi, Sandra
_eilustrador
800 0 _aCanela
942 _cBK
998 _cisola
999 _c7202
_d7202